000 00277nam a2200109Ia 4500
001 1275999
005 20260417160438.0
008 260417s9999 xx 000 0 und d
020 _a9786258486742
245 0 _aMasal Krallığı - Piri
_cDidem Demirel
260 _bKetebe Çocuk
999 _c1275999
_d1275999